Moderní metody modelování ekonomických časových řad

Guardado en:
Detalles Bibliográficos
Autor principal: Arlt, Josef
Formato: Libro
Lenguaje:checo
Publicado: Praha GRADA Publishing 1999
Materias:
Etiquetas: Agregar Etiqueta
Sin Etiquetas, Sea el primero en etiquetar este registro!

MARC

LEADER 00000nam a2200000 4500
001 c117524
005 20221102135227.6
020 |a 80-7169-539-4 
041 0 |a cze 
044 |a CZ 
245 1 0 |a Moderní metody modelování ekonomických časových řad  |c Josef Arlt 
264 1 |a Praha  |b GRADA Publishing  |c 1999 
300 |a 307 s. 
610 2 0 |a modelovanie 
610 2 0 |a rady časové 
610 2 0 |a metódy matematické 
610 2 0 |a modely matematické 
100 1 |a Arlt, Josef